【E6】常磐道と交差する鉄道路線 - Statistics

General Stats
  • This quiz has been taken 167 times
  • The average score is 11 of 12
Answer Stats
路線 交差区間 % Correct
JR常磐線 羽島〜石岡内原〜赤塚 亘理〜浜吉田
100%
JR東北本線 陸前山王〜国府多賀城
95%
JR利府線 岩切〜新利府
95%
つくばエクスプレス みどりの〜みらい平
92%
JR武蔵野線 新三郷〜三郷
92%
JR水郡線 常陸鴻巣〜上菅谷南酒出〜上菅谷
91%
JR仙石線 中野栄〜多賀城
90%
東武野田線 江戸川台〜初石
88%
JR磐越東線 小川郷〜赤井
85%
関東鉄道常総線 小絹〜新守谷
81%
仙台空港アクセス線 杜せきのした〜美田園
81%
東北新幹線 仙台〜古川
73%
No matching quizzes found
Score Distribution
Percent of People with Each Score
Percentile by Number Answered
Your Score History
You have not taken this quiz